01125nam a2200181 a 4500001000400000003000900004008004100013020001500054040002800069082001800097100001800115245005200133260005100185300001300236505065400249650001900903650002100922291CO-ViMGA141112s2004 ck r 000 u spa d a9500650304 aCO-ViMGAbspacCO-ViMGA04aR617.556 B5851 aBlumgart, L.H10aCirugía del hígado y de las vías biliares aBuenos Aires : bMedica PanAméricana, c1990 a2 v : il aV. 1 : Anatomía y fisiopaptología Tecnicas diagnósticas Cuidados preoperatorios y posoperatorios y anestesi Tecnicas radiológicas y endoscópicas terapeuticas Cálculos bilares y vesícula biliar Cálculos en las vías biliares Estenosis papilar y problemas poscolecistectomía Estructuras y fístulas biliares V.2 : Tumores biliares Bypass biliar y tecnicas de intubación Infecciones e infestaciones hepáticas y biliares Quistes biliares y hepáticos Lessiones traumáticas y hemorragias Tumores hepáticos Resección hepática Cirrosis e hipertensión portal Enfermedades metabólicas en el hígado Trasplante hepático14aCIRUGIA BILIAR14aHIGADO - CIRUGIA